Loudspeaker and headphone handbook / (Record no. 60749)

000 -LEADER
fixed length control field 00987pam a2200289 a 4500
001 - CONTROL NUMBER
control field 2422701
003 - CONTROL NUMBER IDENTIFIER
control field NUST-PNEC
005 - DATE AND TIME OF LATEST TRANSACTION
control field 20170116180706.0
008 - FIXED-LENGTH DATA ELEMENTS--GENERAL INFORMATION
fixed length control field 870827s1988 enka bf 001 0 eng
010 ## - LIBRARY OF CONGRESS CONTROL NUMBER
LC control number 87025001
020 ## - INTERNATIONAL STANDARD BOOK NUMBER
International Standard Book Number 0408013877
040 ## - CATALOGING SOURCE
Original cataloging agency DLC
Transcribing agency PNEC
050 00 - LIBRARY OF CONGRESS CALL NUMBER
Classification number TK5983.5
Item number .L68 1988
082 00 - DEWEY DECIMAL CLASSIFICATION NUMBER
Classification number 621.38'0282 BOR
Edition number 19
100 ## - MAIN ENTRY--PERSONAL NAME
9 (RLIN) 366
Personal name Borwick, John
245 00 - TITLE STATEMENT
Title Loudspeaker and headphone handbook /
Statement of responsibility, etc. edited by John Borwick, with specialist contributors.
260 ## - PUBLICATION, DISTRIBUTION, ETC.
Place of publication, distribution, etc. London ;
-- Boston :
Name of publisher, distributor, etc. Butterworths,
Date of publication, distribution, etc. 1988.
300 ## - PHYSICAL DESCRIPTION
Extent 573 p. :
Other physical details ill. ;
Dimensions 25 cm.
500 ## - GENERAL NOTE
General note Includes Index http://www.amazon.com/s/ref=nb_sb_noss?url=search-alias%3Dstripbooks&field-keywords=0408013877
504 ## - BIBLIOGRAPHY, ETC. NOTE
Bibliography, etc. note Includes bibliographies and index.
650 #0 - SUBJECT ADDED ENTRY--TOPICAL TERM
Topical term or geographic name entry element Headphones
General subdivision Handbooks, manuals, etc.
650 #0 - SUBJECT ADDED ENTRY--TOPICAL TERM
Topical term or geographic name entry element Loudspeakers
General subdivision Handbooks, manuals, etc.
651 ## - SUBJECT ADDED ENTRY--GEOGRAPHIC NAME
General subdivision EL
700 1# - ADDED ENTRY--PERSONAL NAME
Personal name Borwick, John.
906 ## - LOCAL DATA ELEMENT F, LDF (RLIN)
a 7
b cbc
c orignew
d 1
e ocip
f 19
g y-gencatlg
942 ## - ADDED ENTRY ELEMENTS (KOHA)
Source of classification or shelving scheme
Koha item type Book
Holdings
Withdrawn status Lost status Source of classification or shelving scheme Damaged status Not for loan Permanent Location Current Location Shelving location Date acquired Source of acquisition Cost, normal purchase price Total Checkouts Full call number Barcode Date last seen Cost, replacement price Price effective from Koha item type
          Pakistan Navy Engineering College (PNEC) Pakistan Navy Engineering College (PNEC) Reference 09/25/2014 Royal Books 2242.50   621.38'0282 BOR PNECLIB-012026 09/25/2014 2242.50 09/25/2014 Book
© 2023 Central Library, National University of Sciences and Technology. All Rights Reserved.